| 000 | 00538nam a2200193Ia 4500 | ||
|---|---|---|---|
| 003 | IN-BaIIA | ||
| 008 | 211028s9999 xx 000 0 eng d | ||
| 020 | _a81-7480-096-4 | ||
| 040 | _cIIA Library | ||
| 080 |
_a551.5 _bFRI |
||
| 100 |
_aFriedmann, Yona _935846 |
||
| 245 | 0 |
_aEnvironment and self-reliance _cYona Friedmann and Eda Schaur |
|
| 260 |
_aNew Delhi _bVigyan Prasar |
||
| 300 | _a147p. | ||
| 650 |
_aEnvironment education _935847 |
||
| 650 |
_aPictorial presentation _935848 |
||
| 700 |
_aSchaur, Eda _935849 |
||
| 942 | _cBK | ||
| 999 |
_c18724 _d18724 |
||